La universidad en debate
| Awdur Corfforaethol: | |
|---|---|
| Fformat: | Llyfr |
| Iaith: | Sbaeneg |
| Cyhoeddwyd: |
Lima, Perú :
La Universidad,
1997
|
| Pynciau: |
MARC
| LEADER | 00000nam a2200000Ia 4500 | ||
|---|---|---|---|
| 008 | 180420b1997 p ||||| |||| 00| 0 spa d | ||
| 999 | |c 1793 |d 1793 | ||
| 090 | |a 06.03.06 |b 40 | ||
| 110 | 2 | |a Universidad Nacional de Ingeniería |9 3597 | |
| 245 | 1 | 3 | |a La universidad en debate |
| 260 | |a Lima, Perú : |b La Universidad, |c 1997 | ||
| 300 | |a 80 páginas | ||
| 500 | |a Mesa Redonda "Situación Actual y Perspectivas de la Universidad Peruana" (1996 agosto : Lima, Perú) | ||
| 650 | 1 | 4 | |a EDUCACIÓN SUPERIOR |9 8 |
| 650 | 1 | 4 | |a UNIVERSIDADES |9 16 |
| 651 | 4 | |a PERÚ |9 1736 | |
| 942 | |i 0020 |h 06.03.06 40 |2 z |c 01 | ||
